000 00213nam a22000857a 4500
999 _c17238
_d17238
003 Nust
005 20170322113413.0
008 150407t xxu||||| |||| 00| 0 eng d
020 _a978-81-8356-598-1
040 _cASAB
082 _a572
100 _aG. P . GARG
_9961
245 _aBiochemistry of catalysts
_cby G.P. Garg
260 _aNew Delhi
_bDiscovery publishing house pvt. Ltd.
_c2010
300 _a330 p
942 _2ddc
_cBK